000 00433nam a2200157 i 4500
001 134835
003 ES-MaACL
005 20230906194744.0
007 t|
008 070629s1930 fr ||||1| fre d
100 1 _aTiersot, Julien.
_9110238
245 1 3 _aLa musique aux temps romantiques /
_cpar Julien Tiersot.
260 _aParis :
_bFélix Alcan,
_c1930.
300 _a186 p., 12 lám. ;
_c20 cm.
852 _aES-MaACL
_jA-1411
999 _c134835
_d134835